Retórica de la pintura / (Record no. 185581)

MARC details
000 -LEADER
campo de control de longitud fija 00761nam a2200253 i 4500
001 - NÚMERO DE CONTROL
campo de control 185581
003 - IDENTIFICADOR DE NÚMERO DE CONTROL
campo de control SpMaBN
005 - FECHA Y HORA DE LA ÚLTIMA TRANSACCIÓN
campo de control 20250815122201.0
008 - DATOS DE LONGITUD FIJA--INFORMACIÓN GENERAL
campo de control de longitud fija 160719s2000 sp a |||| | spa d
020 ## - NÚMERO INTERNACIONAL ESTÁNDAR DEL LIBRO
Número Internacional Estándar del Libro 84-376-1820-7
080 ## - NÚMERO DE LA CLASIFICACIÓN DECIMAL UNIVERSAL
Número de la Clasificación Decimal Universal 75.01
100 1# - ENTRADA PRINCIPAL--NOMBRE DE PERSONA
Nombre de persona Carrere, Alberto.
9 (RLIN) 153765
245 10 - MENCIÓN DEL TÍTULO
Título Retórica de la pintura /
Mención de responsabilidad, etc. Alberto Carrere, José Saborit.
260 ## - PUBLICACIÓN, DISTRIBUCIÓN, ETC.
Lugar de publicación, distribución, etc. Madrid :
Nombre del editor, distribuidor, etc. Cátedra,
Fecha de publicación, distribución, etc. [2000]
300 ## - DESCRIPCIÓN FÍSICA
Extensión 499 p. :
Otras características físicas il. ;
Dimensiones 21 cm.
490 1# - MENCIÓN DE SERIE
Mención de serie Signo e imagen ;
Designación de volumen o secuencia 59
500 ## - NOTA GENERAL
Nota general Índice.
504 ## - NOTA DE BIBLIOGRAFÍA, ETC.
Nota de bibliografía, etc. Bibliografía: p. 483-491.
650 #7 - PUNTO DE ACCESO ADICIONAL DE MATERIA--TÉRMINO DE MATERIA
Término de materia o nombre geográfico como elemento de entrada Pintura
Fuente del encabezamiento o término embne
9 (RLIN) 16002
700 1# - ENTRADA AGREGADA--NOMBRE PERSONAL
Nombre de persona Saborit, José.
9 (RLIN) 148518
830 0# - PUNTO DE ACCESO ADICIONAL DE SERIE-TÍTULO UNIFORME
Título uniforme Signo e imagen ;
Designación de volumen o secuencia 59
9 (RLIN) 178598
852 ## - LOCALIZACIÓN
Ubicación ES-MaACL
Número de control de estantería L-30453
Nota libre . - Donat. Miguel A. Velasco
Holdings
Estatus retirado Estado de pérdida Estado de daño No para préstamo Biblioteca de origen Biblioteca actual Ubicación en estantería Fecha de adquisición Fuente de adquisición Total de préstamos Signatura topográfica completa Código de barras Visto por última vez Precio de reemplazo Tipo de ítem Koha
        Biblioteca del Ateneo de Madrid Biblioteca del Ateneo de Madrid Depósito 2 19/07/2016     L-30453 1195619 23/02/2023 23/02/2023 Libro impreso